Engineering mechanics (Record no. 810)
[ view plain ]
| 000 -LEADER | |
|---|---|
| fixed length control field | 00626nac a22001811u 4500 |
| 035 ## - SYSTEM CONTROL NUMBER | |
| System control number | (OCoLC)561503 |
| 082 ## - DEWEY DECIMAL CLASSIFICATION NUMBER | |
| Classification number | 620.1 |
| Item number | T585 |
| 090 ## - LOCALLY ASSIGNED LC-TYPE CALL NUMBER (OCLC); LOCAL CALL NUMBER (OCLC) | |
| -- | 810 |
| -- | 810 |
| 100 ## - MAIN ENTRY--PERSONAL NAME | |
| Personal name | Timoshenko, Stephen, |
| 245 10 - TITLE STATEMENT | |
| Title | Engineering mechanics |
| Statement of responsibility, etc | [by] S. Timoshenko [and] D. H. Young. |
| 250 ## - EDITION STATEMENT | |
| Edition statement | 4th ed. |
| 260 ## - PUBLICATION, DISTRIBUTION, ETC. (IMPRINT) | |
| Place of publication, distribution, etc | New York, |
| Name of publisher, distributor, etc | McGraw-Hill, |
| Date of publication, distribution, etc | 1956. |
| 300 ## - PHYSICAL DESCRIPTION | |
| Extent | 478 p. |
| Other physical details | illus. |
| Dimensions | 24 cm. |
| 650 #0 - SUBJECT ADDED ENTRY--TOPICAL TERM | |
| Topical term or geographic name as entry element | Mechanics, Applied. |
| 700 1# - ADDED ENTRY--PERSONAL NAME | |
| Personal name | Young, D. H. |
| Fuller form of name | (Donovan Harold), |
| Dates associated with a name | 1904- |
| 942 ## - ADDED ENTRY ELEMENTS (KOHA) | |
| Item type | Book - Borrowing |
| Call number prefix | 620.1T585 |
| Withdrawn status | Item status | Source of classification or shelving scheme | Damaged status | Not for loan | Vendor | Home library | Current library | Shelving location | Date acquired | Source of acquisition | Cost, normal purchase price | Total Checkouts | Full call number | Barcode | Date last seen | Cost, replacement price | Koha item type |
|---|---|---|---|---|---|---|---|---|---|---|---|---|---|---|---|---|---|
| Dewey Decimal Classification | Central Library | Central Library | First floor | 30/07/2006 | 110.00 | 620.1 TIM | 000003747 | 15/07/2025 | 137.50 | Book - Borrowing |